<?xml version="1.0" encoding="UTF-8"?>
<record
    xmlns:xsi="http://www.w3.org/2001/XMLSchema-instance"
    xsi:schemaLocation="http://www.loc.gov/MARC21/slim http://www.loc.gov/standards/marcxml/schema/MARC21slim.xsd"
    xmlns="http://www.loc.gov/MARC21/slim">

  <leader>01102nam a22002057a 4500</leader>
  <controlfield tag="005">20210414113930.0</controlfield>
  <controlfield tag="008">120427t        xxu||||| |||| 00| 0 eng d</controlfield>
  <datafield tag="020" ind1=" " ind2=" ">
    <subfield code="a">0071232613</subfield>
  </datafield>
  <datafield tag="050" ind1=" " ind2=" ">
    <subfield code="a">T58.64.O47</subfield>
  </datafield>
  <datafield tag="100" ind1=" " ind2=" ">
    <subfield code="a">Olson, David L.</subfield>
  </datafield>
  <datafield tag="245" ind1=" " ind2=" ">
    <subfield code="a">Introduction to information systems projects management. /</subfield>
    <subfield code="c">David L. Olson</subfield>
  </datafield>
  <datafield tag="250" ind1=" " ind2=" ">
    <subfield code="a">2nd ed.</subfield>
  </datafield>
  <datafield tag="260" ind1=" " ind2=" ">
    <subfield code="a">Toronto:</subfield>
    <subfield code="b">McGraw Hill,</subfield>
    <subfield code="c">2003.</subfield>
  </datafield>
  <datafield tag="300" ind1=" " ind2=" ">
    <subfield code="a">xiii, 314 p.:</subfield>
    <subfield code="b">ill.;</subfield>
    <subfield code="c">24cm.</subfield>
    <subfield code="e">CD</subfield>
  </datafield>
  <datafield tag="500" ind1=" " ind2=" ">
    <subfield code="a">Includes index.</subfield>
  </datafield>
  <datafield tag="505" ind1=" " ind2=" ">
    <subfield code="a">Contents: Introduction to project managment -- Human aspects of information systems project management -- Project organization -- Project selection and approval -- Requirements definition -- Sytem development -- Estimation -- Quantitative project scheduling methods -- Probabilistic scheduling models -- Project implementation -- Project control and assessment -- Appendix A: microsoft project -- Appendix B: a guide to the project management body of knowledge -- Appendix C: sim project case -- Index</subfield>
  </datafield>
  <datafield tag="650" ind1=" " ind2=" ">
    <subfield code="a">Information resources management. </subfield>
  </datafield>
  <datafield tag="650" ind1=" " ind2=" ">
    <subfield code="a">Management information systems.</subfield>
  </datafield>
  <datafield tag="942" ind1=" " ind2=" ">
    <subfield code="2">lcc</subfield>
    <subfield code="c">BK</subfield>
  </datafield>
  <datafield tag="999" ind1=" " ind2=" ">
    <subfield code="c">779</subfield>
    <subfield code="d">8279</subfield>
  </datafield>
  <datafield tag="952" ind1=" " ind2=" ">
    <subfield code="0">0</subfield>
    <subfield code="1">0</subfield>
    <subfield code="2">lcc</subfield>
    <subfield code="4">0</subfield>
    <subfield code="7">0</subfield>
    <subfield code="a">WIUC-1</subfield>
    <subfield code="b">WIUC-1</subfield>
    <subfield code="c">REF</subfield>
    <subfield code="d">2012-04-27</subfield>
    <subfield code="l">0</subfield>
    <subfield code="o">T58.64.O47</subfield>
    <subfield code="p">1931/12</subfield>
    <subfield code="r">2012-04-27 00:00:00</subfield>
    <subfield code="t">1</subfield>
    <subfield code="w">2012-04-27</subfield>
    <subfield code="y">BK</subfield>
  </datafield>
  <datafield tag="952" ind1=" " ind2=" ">
    <subfield code="0">0</subfield>
    <subfield code="1">0</subfield>
    <subfield code="2">lcc</subfield>
    <subfield code="4">0</subfield>
    <subfield code="7">0</subfield>
    <subfield code="a">WIUC-1</subfield>
    <subfield code="b">WIUC-1</subfield>
    <subfield code="c">REF</subfield>
    <subfield code="d">2012-04-27</subfield>
    <subfield code="l">0</subfield>
    <subfield code="o">T58.64.O471</subfield>
    <subfield code="p">1932/12</subfield>
    <subfield code="r">2012-04-27 00:00:00</subfield>
    <subfield code="t">2</subfield>
    <subfield code="w">2012-04-27</subfield>
    <subfield code="y">BK</subfield>
  </datafield>
  <datafield tag="952" ind1=" " ind2=" ">
    <subfield code="0">0</subfield>
    <subfield code="1">0</subfield>
    <subfield code="2">lcc</subfield>
    <subfield code="4">0</subfield>
    <subfield code="7">0</subfield>
    <subfield code="a">WIUC-1</subfield>
    <subfield code="b">WIUC-1</subfield>
    <subfield code="c">REF</subfield>
    <subfield code="d">2012-04-27</subfield>
    <subfield code="l">0</subfield>
    <subfield code="o">T58.64.O472</subfield>
    <subfield code="p">1933/12</subfield>
    <subfield code="r">2012-04-27 00:00:00</subfield>
    <subfield code="t">3</subfield>
    <subfield code="w">2012-04-27</subfield>
    <subfield code="y">BK</subfield>
  </datafield>
  <datafield tag="952" ind1=" " ind2=" ">
    <subfield code="0">0</subfield>
    <subfield code="1">0</subfield>
    <subfield code="2">lcc</subfield>
    <subfield code="4">0</subfield>
    <subfield code="7">0</subfield>
    <subfield code="a">WIUC-1</subfield>
    <subfield code="b">WIUC-1</subfield>
    <subfield code="c">REF</subfield>
    <subfield code="d">2012-04-27</subfield>
    <subfield code="l">0</subfield>
    <subfield code="o">T58.64.O473</subfield>
    <subfield code="p">1934/12</subfield>
    <subfield code="r">2012-04-27 00:00:00</subfield>
    <subfield code="t">4</subfield>
    <subfield code="w">2012-04-27</subfield>
    <subfield code="y">BK</subfield>
  </datafield>
</record>
